Distritos de Portugal (Districts of Portugal) - Statistics

Estatísticas Gerais
  • Esse quiz foi jogado 2 477 vezes
  • A pontuação média é 15 de 20
Estatísticas das Respostas
Resposta % Correto
Lisboa
98%
Porto
96%
Braga
92%
Faro
89%
Coimbra
83%
Beja
81%
Bragança
80%
Aveiro
79%
Évora
79%
Setúbal
78%
Castelo Branco
72%
Leiria
72%
Viana do Castelo
71%
Viseu
71%
Santarém
69%
Guarda
68%
Madeira
66%
Açores
64%
Portalegre
64%
Vila Real
63%
Nenhum quiz correspondente encontrado
Distribuição das Pontuações
Porcentagem de Pessoas com Cada Pontuação
Percentil de Números Respondidos
Sua Pontuação Histórica
Você não jogou esse quiz